Relección `De dominio` / (Record no. 145042)

MARC details
000 -LEADER
campo de control de longitud fija 00821nam a2200217 4500
001 - NÚMERO DE CONTROL
campo de control 145042
003 - IDENTIFICADOR DE NÚMERO DE CONTROL
campo de control ES-MaACL
005 - FECHA Y HORA DE LA ÚLTIMA TRANSACCIÓN
campo de control 20250828063256.0
007 - CAMPO FIJO DE DESCRIPCIÓN FÍSICA--INFORMACIÓN GENERAL
campo de control de longitud fija t|
008 - DATOS DE LONGITUD FIJA--INFORMACIÓN GENERAL
campo de control de longitud fija 070214s1964 sp r ||||1| spa d
100 1# - ENTRADA PRINCIPAL--NOMBRE DE PERSONA
Nombre de persona Soto, Domingo de,
Fechas asociadas al nombre 1495-1560
9 (RLIN) 107479
245 10 - MENCIÓN DEL TÍTULO
Título Relección `De dominio` /
Mención de responsabilidad, etc. Domingo de Soto ; edición crítica, traducción, introducción, apéndices e índices por Jaime Brufam Prast.
260 ## - PUBLICACIÓN, DISTRIBUCIÓN, ETC.
Lugar de publicación, distribución, etc. Granada :
Nombre del editor, distribuidor, etc. Universidad de Granada,
Fecha de publicación, distribución, etc. 1964.
300 ## - DESCRIPCIÓN FÍSICA
Extensión XIX, 229 p., 1 lám. ;
Dimensiones 25 cm.
490 1# - MENCIÓN DE SERIE
Mención de serie Ediciones críticas de textos clásicos ;
Designación de volumen o secuencia 21
700 1# - ENTRADA AGREGADA--NOMBRE PERSONAL
Nombre de persona Brufam Prast, Jaime.
9 (RLIN) 32076
710 2# - ENTRADA AGREGADA--NOMBRE DE ENTIDAD CORPORATIVA
Nombre de entidad corporativa o nombre de jurisdicción como elemento de entrada Universidad de Granada.
9 (RLIN) 7176
830 0# - PUNTO DE ACCESO ADICIONAL DE SERIE-TÍTULO UNIFORME
Título uniforme Ediciones críticas de textos clásicos ;
Designación de volumen o secuencia 21
9 (RLIN) 220731
852 ## - LOCALIZACIÓN
Ubicación ES-MaACL
Número de control de estantería C-26143
Sublocalización o colección R.54567
Holdings
Estatus retirado Estado de pérdida Estado de daño No para préstamo Biblioteca de origen Biblioteca actual Ubicación en estantería Fecha de adquisición Fuente de adquisición Total de préstamos Signatura topográfica completa Código de barras Visto por última vez Precio de reemplazo Tipo de ítem Koha
        Biblioteca del Ateneo de Madrid Biblioteca del Ateneo de Madrid Depósito 2 17/01/2008     C-26143 1151404 23/02/2023 23/02/2023 Libro impreso